000 00547nmm a2200181Ia 4500
008 251105s9999||||xx |||||||||||||||||und||
020 _a9788417821807
041 _aspa
100 _aLeblanc, Maurice
245 0 _aArsène Lupin, caballero ladrón
264 _a[Madrid, España] :
_bCiudad de Libros,
_c[Fecha de publicación no identificada]
300 _a0 páginas
650 _aThriller & Suspense
700 _aLeblanc, Maurice
700 1 _a Garza, Lorenzo
856 _uhttps://public.digitaliapublishing.com/a/82423
942 _cCF
999 _c67706
_d67706